Cartel chileno: 1963-1973.
Uloženo v:
| Hlavní autor: | |
|---|---|
| Médium: | Kniha |
| Jazyk: | španělština |
| Vydáno: |
Santiago, Chile:
Ediciones B,
2011.
|
| Vydání: | 4a. edición. |
| Témata: | |
| Tagy: |
Přidat tag
Žádné tagy, Buďte první, kdo vytvoří štítek k tomuto záznamu!
|
MARC
| LEADER | 00000cam a2200000 a 4500 | ||
|---|---|---|---|
| 001 | UCJ9160 | ||
| 003 | CL-VaPUC | ||
| 005 | 20250407202436.0 | ||
| 008 | 070309t20110000CL |||||||||||||||||spa|d | ||
| 999 | |c 447118 |d 447116 | ||
| 020 | |a 978-956-304-044-9 | ||
| 040 | |c Pontificia Universidad Católica de Valparaíso | ||
| 082 | 0 | 4 | |a 741.674 CAS 2011 |2 21 |
| 100 | 0 | |a Castillo Espinoza, Eduardo |e compilador |9 519052 | |
| 245 | 1 | 0 | |a Cartel chileno: |b 1963-1973. |
| 250 | |a 4a. edición. | ||
| 260 | |a Santiago, Chile: |b Ediciones B, |c 2011. | ||
| 300 | |a 111 páginas: |b ilustraciones. | ||
| 500 | |a c.1-c.5. Instituto Arcos.08-01-2025. | ||
| 583 | |a last modification |c 20120621 01:16:01 |k Gabriela Rodríguez Cuevas | ||
| 650 | 0 | |9 266874 |a Diseño gráfico |x Historia |z Chile |y Siglo 20 | |
| 650 | 0 | |9 895219 |a Afiches chilenos |x Historia |y Siglo 20 | |
| 942 | |c BK |2 ddc |n 0 | ||
| 945 | |d 20070309 00:00:00 |a cmena | ||
| 952 | |0 0 |1 0 |2 ddc |4 0 |6 741_674000000000000_CAS_2011 |7 0 |8 A |9 600595 |a BIBINC |b BIBINC |d 2025-03-05 |e Instituto Arcos |i 5665428 |o 741.674 CAS 2011 |p 5665428 |r 2025-03-05 |t 1 |w 2025-03-05 |y BK |k IFP | ||
| 952 | |0 0 |1 0 |2 ddc |4 0 |6 741_674000000000000_CAS_2011 |7 0 |8 A |9 601485 |a BIBINC |b BIBINC |d 2025-03-18 |e Instituto Arcos |i 5666336 |o 741.674 CAS 2011 |p 5666336 |r 2025-03-18 |t 2 |w 2025-03-18 |y BK |k IFP | ||
| 952 | |0 0 |1 0 |2 ddc |4 0 |6 741_674000000000000_CAS_2011 |7 0 |8 A |9 601486 |a BIBINC |b BIBINC |d 2025-03-18 |e Instituto Arcos |i 5666337 |o 741.674 CAS 2011 |p 5666337 |r 2025-03-18 |t 3 |w 2025-03-18 |y BK |k IFP | ||
| 952 | |0 0 |1 0 |2 ddc |4 0 |6 741_674000000000000_CAS_2011 |7 0 |8 A |9 601487 |a BIBINC |b BIBINC |d 2025-03-18 |e Instituto Arcos |i 5666338 |o 741.674 CAS 2011 |p 5666338 |r 2025-03-18 |t 4 |w 2025-03-18 |y BK |k IFP | ||
| 952 | |0 0 |1 0 |2 ddc |4 0 |6 741_674000000000000_CAS_2011 |7 0 |8 A |9 601488 |a BIBINC |b BIBINC |d 2025-03-18 |e Instituto Arcos |i 5666339 |o 741.674 CAS 2011 |p 5666339 |r 2025-03-18 |t 5 |w 2025-03-18 |y BK |k IFP | ||